000 00566cam a2200145 4500500
005 20260111090538.0
041 _afre
042 _adc
100 1 0 _aVallin, Pierre
_eauthor
245 0 0 _aAlfred Baudrillart, Les Carnets (26 décembre 1928-12 février 1932), Texte établi, présenté et annoté par Paul Christophe. Cerf, 2003, 1 146 pages, 65 ?
260 _c2003.
500 _a34
786 0 _nÉtudes | 398 | 5 | 2003-05-01 | p. 703zg-719zg | 0014-1941
856 4 1 _uhttps://shs.cairn.info/revue-etudes-2003-5-page-703zg?lang=fr&redirect-ssocas=7080
999 _c1619115
_d1619115